00402nam a2200145Ia 4500003000400000005001700004008004100021020001500062040000900077082001800086100002200104245008400126260003700210300000900247OSt20200623131536.0190216s9999||||xx |||||||||||||| ||und|| a8185618666 coclc a954.03bMET/N aMetcalf, Thomas R 4aThe New Cambridge History Of India :bIdeologies Of The Raj /cThomas R Metcalf bCambridge Uty Press,c1996.aUK: a244p